Southville International School and Colleges
Your cart is empty.
  • Cart
  • Lists
    Public lists Eva Luna New books Lux_list list_1
    Your lists Log in to create your own lists
  • Log in to your account
  • Your cookies
  • Search history
Southville International School and Colleges
  • Advanced search
  • Recent comments
  • Most popular
  • Libraries

Log in to your account

Log in with GOOGLE


If you do not have an external account, but do have a local account, you can still log in:

  1. Home
  2. MARC view: Smart calling :
Normal view MARC view ISBD view

Smart calling : (Record no. 115582)

[ view plain ]
MARC details
000 -LEADER
fixed length control field 00591nam a2200193Ia 4500
005 - DATE AND TIME OF LATEST TRANSACTION
control field 20140929133359.0
008 - FIXED-LENGTH DATA ELEMENTS--GENERAL INFORMATION
fixed length control field 140429s9999 xx 000 0 und d
020 ## - INTERNATIONAL STANDARD BOOK NUMBER
International Standard Book Number 9780470567029
050 ## - LIBRARY OF CONGRESS CALL NUMBER
Classification number HF 5438.3
Item number .So63 2010
100 ## - MAIN ENTRY--PERSONAL NAME
Personal name Sobczak, Art
245 ## - TITLE STATEMENT
Title Smart calling :
Remainder of title eliminate the fear, failure, and rejection from cold calling /
Statement of responsibility, etc Art Sobczak.
260 ## - PUBLICATION, DISTRIBUTION, ETC. (IMPRINT)
Place of publication, distribution, etc New Jersey :
Name of publisher, distributor, etc John Wiley & Sons Inc.,
Date of publication, distribution, etc c2010.
300 ## - PHYSICAL DESCRIPTION
Extent 242 p. :
Dimensions 24 cm.
500 ## - GENERAL NOTE
General note Includes index.
650 ## - SUBJECT ADDED ENTRY--TOPICAL TERM
Topical term or geographic name as entry element Telemarketing.
650 ## - SUBJECT ADDED ENTRY--TOPICAL TERM
Topical term or geographic name as entry element Telephone selling.
942 ## - ADDED ENTRY ELEMENTS (KOHA)
Call number prefix Foreign
Koha item type Books
Source of classification or shelving scheme Library of Congress Classification
Holdings
Withdrawn status Lost status Source of classification or shelving scheme Damaged status Home library Current library Shelving location Date acquired Source of acquisition Cost, normal purchase price Total Checkouts Full call number Barcode Date last seen Price effective from Koha item type
    Library of Congress Classification   College Library College Library General Circulation Section 04/29/2014 Library Fund 1138.00   HF 5438.3 .So63 2010 C16403 05/15/2018 04/29/2014 Books

Smart calling :

APA

Sobczak A., . (2010). Smart calling. New Jersey: John Wiley & Sons Inc.

Chicago

Sobczak Art, . 2010. Smart calling. New Jersey: John Wiley & Sons Inc.

Harvard

Sobczak A., . (2010). Smart calling. New Jersey: John Wiley & Sons Inc.

MLA

Sobczak Art, . Smart calling. New Jersey: John Wiley & Sons Inc. 2010.

  • Place hold
  • Print
  • Cite
  • Add to your cart (remove)
  • Save record
    BIBTEX Dublin Core MARCXML MARC (non-Unicode/MARC-8) MARC (Unicode/UTF-8) MARC (Unicode/UTF-8, Standard) MODS (XML) RIS
  • More searches
    Search for this title in:
    Other Libraries (WorldCat) Other Databases (Google Scholar) Online Stores (Bookfinder.com) Open Library (openlibrary.org)

Exporting to Dublin Core...

SOUTHVILLE LIBRARY

Southville International School and Colleges Library

1281 Tropical Ave. Cor. Luxembourg St., BF Homes International, Las Pinas City

Tel. No. 8256374 / 252358 Loc. 117/146

Powered by Koha